Normal view
MARC view
- مراجعة وتصحيح وتهذيب السايس، محمد علي
Entry Personal Name
001 - CONTROL NUMBER
- control field: 35316
003 - CONTROL NUMBER IDENTIFIER
- control field: JO-AjAnu
005 - DATE AND TIME OF LATEST TRANSACTION
- control field: 20230606075916.0
008 - FIXED-LENGTH DATA ELEMENTS
- fixed length control field: 230606|| aca||aabn | a|a d
040 ## - CATALOGING SOURCE
- Original cataloging agency: JO-AjAnu
- Transcribing agency: JO-AjAnu
100 ## - HEADING--PERSONAL NAME
- Personal name: مراجعة وتصحيح وتهذيب السايس، محمد علي
670 ## - SOURCE DATA FOUND
- Source citation: Work cat.: (JO-AjAnu)18136: مراجعة وتصحيح وتهذيب السايس، محمد علي, author, تاريخ الفقه الإسلامي كلمات في تاريخ التشريع الإسلامي